[Event "Hamburg Harburg - ch 14th D"]
[Site "Hamburg"]
[Date "2019.07.28"]
[Round "5.1"]
[White "Raedisch, Peter"]
[Black "Fasahat, Hossein"]
[Result "1-0"]
[WhiteElo "1595"]
[BlackElo "1514"]
[PlyCount "97"]
[EventDate "2019.07.26"]
[EventType "tourn"]
[EventRounds "5"]
[EventCountry "GER"]
[WhiteTeam "SF Hamburg e.V. 1934"]
[BlackTeam "Hamburger SK von 1830 eV"]

1. e4 d6 2. Bc4 Nf6 3. d3 Nc6 4. a3 e5 5. Nf3 Bg4 6. c3 Be6 7. Bxe6 fxe6 8. Qb3
Qc8 9. Ng5 Nd8 10. O-O Be7 11. f4 exf4 12. Bxf4 O-O 13. Nd2 Kh8 14. d4 h6 15.
Nh3 Nf7 16. Qd1 c5 17. Be3 Qc6 18. Nf4 Ng5 19. Ng6+ Kh7 20. Nxe7 Qd7 21. e5
Nfe4 22. Rxf8 Rxf8 23. Bxg5 Nxg5 24. Qc2+ Rf5 25. Nxf5 exf5 26. Rf1 g6 27. Re1
cxd4 28. cxd4 dxe5 29. dxe5 Qd4+ 30. Kh1 Ne6 31. Nf3 Qg4 32. h3 Qg3 33. Rf1 Qf4
34. Qd2 Qc4 35. Rc1 Qb5 36. b4 g5 37. Nd4 Qd5 38. Rd1 Ng7 39. e6 g4 40. hxg4
fxg4 41. Qd3+ Kh8 42. Qg6 h5 43. Rf1 Qd8 44. Qf6 Qd5 45. e7 Kh7 46. Nf5 Ne8 47.
Qh6+ Kg8 48. Qf8+ Kh7 49. Qxe8 1-0

[Event "Hamburg Harburg - ch 14th D"]
[Site "Hamburg"]
[Date "2019.07.28"]
[Round "5.2"]
[White "Kaiser, Guenter"]
[Black "Frenz Evers, Hartmut"]
[Result "1/2-1/2"]
[WhiteElo "1704"]
[BlackElo "1595"]
[PlyCount "71"]
[EventDate "2019.07.26"]
[EventType "tourn"]
[EventRounds "5"]
[EventCountry "GER"]
[WhiteTeam "SK Union Eimsbuettel eV"]
[BlackTeam "Stader SV"]

{[%evp 0,20,16,12,23,4,42,34,41,32,44,46,30,3,7,5,11,-12,4,-66,-51,-54,-47]} 1.
d4 Nf6 2. c4 g6 3. Nf3 Bg7 4. Nc3 d6 5. h3 O-O 6. e3 Nbd7 7. Bd3 Re8 8. Qc2 b6
9. Ne4 Bb7 10. Nxf6+ exf6 11. Be2 Rc8 12. b4 f5 13. Bb2 Nf6 14. d5 c6 15. Qb3
cxd5 16. Bxf6 Bxf6 17. Rd1 dxc4 18. Bxc4 Re7 19. Be2 Bc3+ 20. Kf1 Rec7 21. g3
Bg7 22. Kg2 Rc3 23. Qa4 Ra8 24. Rc1 Qe8 25. Qd1 Rxc1 26. Qxc1 Qc6 27. Qxc6 Bxc6
28. Kh2 Bd5 29. a3 Rc8 30. Rd1 Rc2 31. Rxd5 Rxe2 32. Kg2 Ra2 33. Rd3 Kf8 34.
Nd4 Bxd4 35. exd4 Ke7 36. d5 1/2-1/2

[Event "Hamburg Harburg - ch 14th E"]
[Site "Hamburg"]
[Date "2019.07.26"]
[Round "1.1"]
[White "Hoffmeyer, Florian"]
[Black "Dorendorf, Mika"]
[Result "1-0"]
[WhiteElo "1393"]
[BlackElo "1433"]
[PlyCount "75"]
[EventDate "2019.07.26"]
[EventType "tourn"]
[EventRounds "5"]
[EventCountry "GER"]
[WhiteTeam "Blau-Weiss Buchholz"]
[BlackTeam "Hamburger SK von 1830 eV"]

1. e4 c5 2. b3 Nc6 3. Bb2 Nf6 4. Nc3 d6 5. g3 Bg4 6. f3 Bd7 7. Bg2 g6 8. Nge2
Bg7 9. d3 O-O 10. Qd2 a6 11. g4 Ne8 12. h4 Nc7 13. O-O-O e6 14. h5 Bf6 15. Kb1
Qe7 16. Rh2 e5 17. Rdh1 Nd8 18. Nd5 Nxd5 19. exd5 b5 20. hxg6 fxg6 21. Qh6 Rf7
22. Bc1 Rg7 23. g5 Nf7 24. gxf6 Nxh6 25. fxe7 Nf5 26. Bh3 Rxe7 27. Bxf5 Bxf5
28. Ng3 Bc8 29. Ne4 Rf7 30. Nxd6 Rd7 31. Ne4 Rxd5 32. Nf6+ Kf8 33. Nxd5 Bb7 34.
Nb6 Bxf3 35. Nxa8 Bxa8 36. Rxh7 Kg8 37. Bb2 Bg2 38. Rh8+ 1-0

[Event "Hamburg Harburg - ch 14th E"]
[Site "Hamburg"]
[Date "2019.07.26"]
[Round "1.2"]
[White "Lu, Yunong Elias"]
[Black "Thomas, Vincent1"]
[Result "0-1"]
[WhiteElo "1341"]
[BlackElo "1603"]
[PlyCount "104"]
[EventDate "2019.07.26"]
[EventType "tourn"]
[EventRounds "5"]
[EventCountry "GER"]
[WhiteTeam "Hamburger SK von 1830 eV"]
[BlackTeam "MTV Tostedt"]

1. e4 e6 2. d4 d5 3. Nc3 Nf6 4. Bg5 Be7 5. e5 Nfd7 6. Bxe7 Qxe7 7. Nf3 c5 8.
Be2 Nc6 9. Nb5 O-O 10. c3 a6 11. Na3 cxd4 12. cxd4 Qb4+ 13. Qd2 Qxd2+ 14. Kxd2
f6 15. exf6 Rxf6 16. Rad1 e5 17. dxe5 Ndxe5 18. Rhf1 Bg4 19. Nxe5 Nxe5 20. h3
Bxe2 21. Kxe2 Rd8 22. Nc2 Re6 23. Nd4 Rg6 24. g3 Nc6 25. Nxc6 bxc6 26. Rc1 d4
27. Rfd1 Re6+ 28. Kf1 a5 29. Rc4 Red6 30. h4 Rd5 31. Rxc6 Rb5 32. Rc2 a4 {(=)}
33. Rcd2 Rbd5 34. Ke2 Kf7 35. f4 Kf6 36. Kd3 Kf5 37. Ke2 Kg4 38. Kf2 d3 39. Re1
R8d7 40. Re6 Rc5 41. Re1 Rc2 {(=)} 42. Red1 h6 43. a3 Rb7 44. Ke1 Kxg3 45.
Rxd3+ Kxh4 46. Rd4 Re7+ 47. Kf1 Rh2 48. Kg1 Rxb2 49. Rxa4 Ra2 50. Ra8 Kg3 51.
a4 Ree2 52. a5 Rg2+ 0-1

[Event "Hamburg Harburg - ch 14th E"]
[Site "Hamburg"]
[Date "2019.07.26"]
[Round "1.3"]
[White "Herrmann, Sabine"]
[Black "Schulze, Tim"]
[Result "1-0"]
[WhiteElo "1561"]
[BlackElo "1481"]
[PlyCount "71"]
[EventDate "2019.07.26"]
[EventType "tourn"]
[EventRounds "5"]
[EventCountry "GER"]
[WhiteTeam "SF Hamburg e.V. 1934"]
[BlackTeam "SC Turm Lüneburg e.V."]

1. e4 d6 2. d4 Nf6 3. Nc3 Nbd7 4. d5 e5 5. dxe6 fxe6 6. Be2 Be7 7. Bh5+ Nxh5 8.
Qxh5+ g6 9. Qh6 Ne5 10. Nge2 Nf7 11. Qd2 Bg5 12. Qd3 Bxc1 13. Rxc1 Qg5 14. O-O
O-O 15. f4 Qc5+ 16. Kh1 Bd7 17. Rf3 b5 18. a3 a5 19. a4 b4 20. Nb5 Bxb5 21.
axb5 Rab8 22. c4 bxc3 23. Nxc3 Qb4 24. Qc2 Rfc8 25. f5 Ne5 26. Rg3 exf5 27.
exf5 Kh8 28. fxg6 Nxg6 29. Rh3 Qg4 30. Nd5 Qe6 31. Nf4 Qf6 32. Nxg6+ Kg7 33.
Ne7 Rh8 34. Qxc7 Rbf8 35. Nf5+ Kg6 36. Rh6+ 1-0

[Event "Hamburg Harburg - ch 14th E"]
[Site "Hamburg"]
[Date "2019.07.27"]
[Round "2.3"]
[White "Hoffmeyer, Florian"]
[Black "Lu, Yunong Elias"]
[Result "1-0"]
[WhiteElo "1393"]
[BlackElo "1341"]
[PlyCount "153"]
[EventDate "2019.07.26"]
[EventType "tourn"]
[EventRounds "5"]
[EventCountry "GER"]
[WhiteTeam "Blau-Weiss Buchholz"]
[BlackTeam "Hamburger SK von 1830 eV"]

1. e4 e5 2. Nf3 Nc6 3. d4 exd4 4. Nxd4 Nf6 5. Bg5 Be7 6. Nxc6 bxc6 7. Bd3 O-O
8. O-O h6 9. Bd2 Rb8 10. Bc3 Bc5 11. Nd2 d5 12. Nb3 Be7 13. e5 Nh7 14. Bd4 Ra8
15. Qe2 Be6 16. f4 a5 17. f5 Bc8 18. Rae1 Ng5 19. Qh5 f6 20. e6 Qe8 21. Qg4 a4
22. Nc5 a3 23. b3 Kh8 24. h4 Nh7 25. Rf3 Ra5 26. Rg3 Rg8 27. Na4 Bd6 28. Rf3
Qe7 29. Nc3 Bb4 30. Ref1 c5 31. Nxd5 Qd6 32. Nxb4 Qxd4+ 33. Qxd4 cxd4 34. Nc6
Rc5 35. Nxd4 Bb7 36. Re3 Re8 37. e7 Re5 38. Rfe1 R8xe7 39. Rxe5 Rxe5 40. Rxe5
fxe5 41. Nb5 e4 42. Bc4 c6 43. Nd6 Ba8 44. Nxe4 Nf8 45. Be6 g6 46. g4 Kg7 47.
Bc8 Kf7 48. fxg6+ Nxg6 49. h5 Nf4 50. Kf2 Nh3+ 51. Kg3 Ng1 52. Nd6+ Kf6 53. Nc4
Ne2+ 54. Kf2 Nc3 55. Nxa3 Nxa2 56. Nc4 c5 57. Bf5 Bd5 58. Nb6 Bc6 59. Nd7+ Bxd7
60. Bxd7 Nb4 61. Bf5 Kg5 62. Ke2 Kf4 63. Kd2 Nd5 64. Kd3 Ne3 65. c3 Nxg4 66.
Bxg4 Kxg4 67. b4 cxb4 68. cxb4 Kxh5 69. b5 Kg4 70. b6 h5 71. b7 h4 72. b8=Q Kf3
73. Qh2 Kg4 74. Ke3 h3 75. Ke4 Kh4 76. Kf4 Kh5 77. Qxh3+ 1-0

[Event "Hamburg Harburg - ch 14th E"]
[Site "Hamburg"]
[Date "2019.07.27"]
[Round "2.1"]
[White "Dorendorf, Mika"]
[Black "Schulze, Tim"]
[Result "0-1"]
[WhiteElo "1433"]
[BlackElo "1481"]
[PlyCount "60"]
[EventDate "2019.07.26"]
[EventType "tourn"]
[EventRounds "5"]
[EventCountry "GER"]
[WhiteTeam "Hamburger SK von 1830 eV"]
[BlackTeam "SC Turm Lüneburg e.V."]

1. e4 e6 2. b3 d5 3. exd5 exd5 4. Bb2 Nf6 5. Nf3 Bd6 6. Nc3 O-O 7. d3 Re8+ 8.
Be2 Bg4 9. Qd2 c6 10. O-O-O Nbd7 11. Kb1 Qc7 12. g3 a5 13. a3 b5 14. Na2 Rxe2
15. Qxe2 Re8 16. Qd2 Bxf3 17. Bxf6 Nxf6 18. Rhe1 Bxd1 19. Rxe8+ Nxe8 20. Qxd1
Qe7 21. Qd2 b4 22. a4 Nf6 23. Qd1 Qe5 24. f4 Qe3 25. Qf1 g6 26. f5 Kg7 27. g4
Be5 28. g5 Qxg5 29. fxg6 hxg6 30. Qf2 Qf4 0-1

[Event "Hamburg Harburg - ch 14th E"]
[Site "Hamburg"]
[Date "2019.07.27"]
[Round "2.2"]
[White "Thomas, Vincent1"]
[Black "Herrmann, Sabine"]
[Result "1/2-1/2"]
[WhiteElo "1603"]
[BlackElo "1561"]
[PlyCount "137"]
[EventDate "2019.07.26"]
[EventType "tourn"]
[EventRounds "5"]
[EventCountry "GER"]
[WhiteTeam "MTV Tostedt"]
[BlackTeam "SF Hamburg e.V. 1934"]

1. d4 d5 2. c4 Nf6 3. Nf3 e6 4. Bg5 h6 5. Bh4 Be7 6. Nc3 Bd7 7. e3 O-O 8. Be2
dxc4 9. Bxc4 Bc6 10. O-O Ne4 11. Bxe7 Qxe7 12. Ne5 Nxc3 13. Nxc6 Nxc6 14. bxc3
Na5 15. Be2 Rad8 16. Bf3 f5 17. Qa4 b6 18. Qb4 Qg5 19. Rad1 f4 20. e4 Nc6 21.
Qc4 Ne7 22. Qxe6+ Kh8 23. Qg4 Qa5 24. Qe6 Nc8 25. Qc4 b5 26. Qb3 Nd6 27. e5 Nf5
28. Bh5 Qb6 29. e6 Qc6 30. Rfe1 Ne7 31. d5 Qc5 32. Qb4 Qxb4 33. cxb4 g6 34.
Bxg6 Nxg6 35. e7 Nxe7 36. Rxe7 Rf5 37. g4 Rfxd5 38. Rxd5 Rxd5 39. Rxc7 f3 40.
h3 h5 41. gxh5 Rg5+ 42. Kf1 Rxh5 43. Ke1 Re5+ 44. Kd1 Re2 45. Rxa7 Rxf2 46. Ke1
Rh2 47. Ra5 Rxh3 48. Rxb5 Rh2 49. a4 Kg7 50. Rb6 Kf7 51. a5 Ke7 52. b5 Kd7 53.
Rf6 Rh5 54. a6 Rxb5 55. a7 Re5+ 56. Kf2 Re8 57. Kxf3 Ra8 58. Ke4 Kc7 59. Rf7+
Kb6 60. Kd4 Rxa7 61. Rf6+ Kb5 62. Kc3 Rc7+ 63. Kb3 Rc5 64. Rf8 Rc6 65. Rf4 Kb6
66. Kb4 Kc7 67. Kb5 Rb6+ 68. Ka5 Rb7 69. Rc4+ 1/2-1/2

[Event "Hamburg Harburg - ch 14th E"]
[Site "Hamburg"]
[Date "2019.07.27"]
[Round "3.2"]
[White "Herrmann, Sabine"]
[Black "Hoffmeyer, Florian"]
[Result "0-1"]
[WhiteElo "1561"]
[BlackElo "1393"]
[PlyCount "73"]
[EventDate "2019.07.26"]
[EventType "tourn"]
[EventRounds "5"]
[EventCountry "GER"]
[WhiteTeam "SF Hamburg e.V. 1934"]
[BlackTeam "Blau-Weiss Buchholz"]

{[%evp 0,2,19,29,74]} 1. e4 c6 2. d4 d5 3. exd5 cxd5 4. Nf3 Nf6 5. Be2 e6 6. c3
Bd6 7. Bg5 O-O 8. Ne5 Re8 9. Bh5 g6 10. Qf3 Be7 11. Bxf6 Bxf6 12. Bg4 Nd7 13.
Nd3 e5 14. Bxd7 Qxd7 15. dxe5 Bxe5 16. O-O Bg7 17. Nd2 b6 18. Qg3 Bb7 19. f4
Re2 20. Nf3 Qb5 21. Nd4 Bxd4+ 22. cxd4 Qc4 23. Kh1 Qxd4 24. Rf2 Rae8 25. Rxe2
Rxe2 26. Rg1 Re3 27. Qg5 f6 28. Qg4 Qxd3 29. Qd7 Qa6 30. Qd8+ Kf7 31. Qh8 Re2
32. Qxh7+ Kf8 33. Qh8+ Kf7 34. Qh7+ Ke6 35. Qh3+ f5 36. Qc3 d4 37. Qg3 {unklar}
0-1

[Event "Hamburg Harburg - ch 14th E"]
[Site "Hamburg"]
[Date "2019.07.27"]
[Round "3.1"]
[White "Lu, Yunong Elias"]
[Black "Dorendorf, Mika"]
[Result "0-1"]
[WhiteElo "1341"]
[BlackElo "1433"]
[PlyCount "90"]
[EventDate "2019.07.26"]
[EventType "tourn"]
[EventRounds "5"]
[EventCountry "GER"]
[WhiteTeam "Hamburger SK von 1830 eV"]
[BlackTeam "Hamburger SK von 1830 eV"]

1. e4 e6 2. d4 d5 3. Nc3 Bb4 4. Bd3 Nc6 5. Nf3 Nf6 6. Bg5 h6 7. Bxf6 Qxf6 8. e5
Qd8 9. Bb5 O-O 10. Qd2 Bd7 11. a3 Ba5 12. Bd3 Ne7 13. O-O Qe8 14. b4 Bb6 15.
Ne2 Bb5 16. Ne1 Bxd3 17. Nxd3 c6 18. f4 Nf5 19. c3 Qd7 20. g4 Nh4 21. Ng3 Qe7
22. Qf2 f5 23. Nh5 fxg4 24. Nf6+ gxf6 25. Qxh4 Qg7 26. Kh1 f5 27. Rg1 Bd8 28.
Qf2 Kf7 29. h3 h5 30. Nc5 b6 31. Nd3 {(=)} Rg8 32. Rac1 g3 33. Qf3 h4 34. c4 a6
35. cxd5 cxd5 36. Rc6 Ra7 37. Qh5+ Qg6 38. Qf3 Rc7 39. Rxb6 Rc2 40. Rb7+ Kf8
41. Rg2 Rc3 42. Qe2 Rxa3 43. Nc5 Ra1+ 44. Rg1 g2+ 45. Kh2 Qg3# 0-1

[Event "Hamburg Harburg - ch 14th E"]
[Site "Hamburg"]
[Date "2019.07.27"]
[Round "3.3"]
[White "Schulze, Tim"]
[Black "Thomas, Vincent1"]
[Result "1/2-1/2"]
[WhiteElo "1481"]
[BlackElo "1603"]
[PlyCount "31"]
[EventDate "2019.07.26"]
[EventType "tourn"]
[EventRounds "5"]
[EventCountry "GER"]
[WhiteTeam "SC Turm Lüneburg e.V."]
[BlackTeam "MTV Tostedt"]

1. d4 d5 2. Nf3 Nf6 3. g3 g6 4. Bg2 Bg7 5. O-O O-O 6. b3 b6 7. Bb2 Bb7 8. Nbd2
Nbd7 9. c4 dxc4 10. Nxc4 c5 11. Rc1 cxd4 12. Bxd4 Nh5 13. Bxg7 Nxg7 14. Nfe5
Bxg2 15. Nxf7 $4 Rxf7 16. Kxg2 $19 1/2-1/2

[Event "Hamburg Harburg - ch 14th E"]
[Site "Hamburg"]
[Date "2019.07.28"]
[Round "4.2"]
[White "Hoffmeyer, Florian"]
[Black "Schulze, Tim"]
[Result "1-0"]
[WhiteElo "1393"]
[BlackElo "1481"]
[PlyCount "77"]
[EventDate "2019.07.26"]
[EventType "tourn"]
[EventRounds "5"]
[EventCountry "GER"]
[WhiteTeam "Blau-Weiss Buchholz"]
[BlackTeam "SC Turm Lüneburg e.V."]

1. c4 Nf6 2. g3 e6 3. Nc3 d5 4. Bg2 d4 5. Ne4 Be7 6. Qb3 Nxe4 7. Bxe4 c6 8. Qc2
f5 9. Bg2 O-O 10. Nf3 Qd6 11. d3 e5 12. Bg5 Bxg5 13. Nxg5 h6 14. Nh3 Qb4+ 15.
Qd2 Qxd2+ 16. Kxd2 f4 17. f3 Na6 18. Nf2 Bf5 19. g4 Bh7 20. Rag1 Nc5 21. h4 g6
22. Bh3 a5 23. g5 h5 24. Ra1 Kg7 25. Rhb1 Bg8 26. Kc2 Rfb8 27. a3 a4 28. Ne4
Nxe4 29. fxe4 Kf7 30. b4 axb3+ 31. Rxb3 Ke7 32. Rab1 Ra7 33. Rb6 Kd8 34. Rxc6
Rxa3 35. Rxg6 Bf7 36. Rh6 Bxc4 37. Rxh5 Bf7 38. Rh8+ Kc7 39. Rh7 1-0

[Event "Hamburg Harburg - ch 14th E"]
[Site "Hamburg"]
[Date "2019.07.28"]
[Round "4.1"]
[White "Dorendorf, Mika"]
[Black "Thomas, Vincent1"]
[Result "1/2-1/2"]
[WhiteElo "1433"]
[BlackElo "1603"]
[PlyCount "51"]
[EventDate "2019.07.26"]
[EventType "tourn"]
[EventRounds "5"]
[EventCountry "GER"]
[WhiteTeam "Hamburger SK von 1830 eV"]
[BlackTeam "MTV Tostedt"]

{[%evp 0,9,28,-10,-10,-24,10,21,25,-15,-11,-7]} 1. c4 Nf6 2. Nc3 d5 3. cxd5
Nxd5 4. g3 Nxc3 5. bxc3 Bd7 6. Bg2 Bc6 7. Nf3 g6 8. d4 Bg7 9. Bf4 Nd7 10. Qb3
Nb6 11. Ne5 Bd5 12. Bxd5 Qxd5 13. Qxd5 Nxd5 14. Kd2 Nxf4 15. gxf4 Bxe5 16. fxe5
Kd7 17. Rab1 b6 18. Rhc1 Rab8 19. Rc2 c5 20. d5 f6 {(=)} 21. e6+ Kd6 22. c4 Rb7
23. a4 Rhb8 24. Rcb2 a6 25. e4 Ke5 26. Ke3 1/2-1/2

[Event "Hamburg Harburg - ch 14th E"]
[Site "Hamburg"]
[Date "2019.07.28"]
[Round "4.3"]
[White "Lu, Yunong Elias"]
[Black "Herrmann, Sabine"]
[Result "1-0"]
[WhiteElo "1341"]
[BlackElo "1561"]
[PlyCount "121"]
[EventDate "2019.07.26"]
[EventType "tourn"]
[EventRounds "5"]
[EventCountry "GER"]
[WhiteTeam "Hamburger SK von 1830 eV"]
[BlackTeam "SF Hamburg e.V. 1934"]

1. e4 e5 2. Nf3 Nc6 3. Bc4 Be7 4. Nc3 Nf6 5. d3 d6 6. h3 Na5 7. Bb3 Nxb3 8.
axb3 O-O 9. Be3 b6 10. O-O h6 11. Nd2 Nh7 12. f4 exf4 13. Bxf4 Bg5 14. Bg3 f5
15. e5 f4 16. Bh2 dxe5 17. Qf3 Be6 18. Qe4 Re8 19. Nf3 Bf6 20. Rfe1 a5 21. Nxe5
Bxe5 22. Qxe5 Bxb3 23. Qxe8+ Qxe8 24. Rxe8+ Rxe8 25. cxb3 g5 26. Kf2 Nf6 27.
Re1 Rd8 28. Re6 Kf7 29. Rc6 Rxd3 30. Rxc7+ Nd7 31. Ke2 Re3+ 32. Kd2 Re6 33.
Rxd7+ Kf6 34. Bg1 Rc6 35. Rd3 Ke5 36. Rd5+ Ke6 37. Rb5 Rd6+ 38. Kc2 Kd7 39.
Rxb6 Rxb6 40. Bxb6 h5 41. Bxa5 g4 42. hxg4 hxg4 43. Bb6 Ke6 44. Kd3 Kf5 45. Ke2
Kg5 46. Bf2 g3 47. Bd4 Kf5 48. b4 Ke6 49. Kf3 Kd6 50. Kxf4 Kc6 51. Kxg3 Kc7 52.
Kf4 Kc6 53. g4 Kd6 54. b5 Kd7 55. b6 Ke6 56. b7 Kf7 57. b8=Q Kg6 58. Qg8+ Kh6
59. g5+ Kh5 60. Qf7+ Kh4 61. Qh7# 1-0

[Event "Hamburg Harburg - ch 14th E"]
[Site "Hamburg"]
[Date "2019.07.28"]
[Round "5.3"]
[White "Thomas, Vincent1"]
[Black "Hoffmeyer, Florian"]
[Result "1/2-1/2"]
[WhiteElo "1603"]
[BlackElo "1393"]
[PlyCount "26"]
[EventDate "2019.07.26"]
[EventType "tourn"]
[EventRounds "5"]
[EventCountry "GER"]
[WhiteTeam "MTV Tostedt"]
[BlackTeam "Blau-Weiss Buchholz"]

1. d4 d5 2. c4 c6 3. Nf3 Nf6 4. Nc3 g6 5. Bg5 Bg7 6. e3 O-O 7. Be2 Bf5 8. O-O
Nbd7 9. cxd5 Nxd5 10. Nxd5 cxd5 11. Qb3 Nb6 12. Rac1 Re8 13. Bb5 Bd7 1/2-1/2

[Event "Hamburg Harburg - ch 14th E"]
[Site "Hamburg"]
[Date "2019.07.28"]
[Round "5.1"]
[White "Herrmann, Sabine"]
[Black "Dorendorf, Mika"]
[Result "1-0"]
[WhiteElo "1561"]
[BlackElo "1433"]
[PlyCount "65"]
[EventDate "2019.07.26"]
[EventType "tourn"]
[EventRounds "5"]
[EventCountry "GER"]
[WhiteTeam "SF Hamburg e.V. 1934"]
[BlackTeam "Hamburger SK von 1830 eV"]

{[%evp 0,17,19,18,47,39,25,22,24,24,47,-6,9,-2,11,32,41,2,42,29]} 1. e4 e6 2.
d4 d5 3. exd5 exd5 4. Nf3 Nc6 5. Be3 Nf6 6. Nc3 Bg4 7. h3 Bd7 8. Bg5 Be6 9. Ne5
Be7 10. Bb5 Bd7 11. Bxf6 Bxf6 12. Nxd5 Nxe5 13. Nxf6+ gxf6 14. Bxd7+ Nxd7 15.
O-O c6 16. Re1+ Kf8 17. Qh5 h6 18. Re3 Rc8 19. Rae1 Rc7 20. Rg3 c5 21. Qg4 Ne5
22. dxe5 Ke7 23. exf6+ Kd6 24. Rd3+ Kc6 25. Rxd8 Rxd8 26. Qe4+ Kb6 27. Re3 Rc6
28. Rb3+ Kc7 29. Qe7+ Rd7 30. Rxb7+ Kxb7 31. Qxd7+ Kb6 32. Qxf7 a5 33. Qb3+ {
unleserlich} 1-0

[Event "Hamburg Harburg - ch 14th E"]
[Site "Hamburg"]
[Date "2019.07.28"]
[Round "5.2"]
[White "Schulze, Tim"]
[Black "Lu, Yunong Elias"]
[Result "1/2-1/2"]
[WhiteElo "1481"]
[BlackElo "1341"]
[PlyCount "24"]
[EventDate "2019.07.26"]
[EventType "tourn"]
[EventRounds "5"]
[EventCountry "GER"]
[WhiteTeam "SC Turm Lüneburg e.V."]
[BlackTeam "Hamburger SK von 1830 eV"]

1. d4 d5 2. Nf3 Nf6 3. g3 e6 4. Bg2 c5 5. O-O Nc6 6. c4 Be7 7. cxd5 exd5 8.
dxc5 Bxc5 9. Bg5 Be7 10. Nc3 Be6 11. Nb5 h6 12. Be3 O-O 1/2-1/2

[Event "Hamburg Harburg - ch 14th F"]
[Site "Hamburg"]
[Date "2019.07.26"]
[Round "1.4"]
[White "Baeuerlein, Benedikt"]
[Black "Krueger, Dietrich"]
[Result "1-0"]
[WhiteElo "1154"]
[BlackElo "967"]
[PlyCount "35"]
[EventDate "2019.07.26"]
[EventType "swiss"]
[EventRounds "5"]
[EventCountry "GER"]
[WhiteTeam "Blau-Weiss Buchholz"]
[BlackTeam "Barmbeker SK 1926 eV"]

1. e4 Nc6 2. Bc4 Nf6 3. Nc3 e5 4. Nf3 h6 5. d4 d6 6. Be3 Be6 7. d5 Na5 8. dxe6
Nxc4 9. exf7+ Kxf7 10. b3 Nxe3 11. fxe3 c6 12. O-O Ng4 13. Nxe5+ Ke6 14. Qxg4+
Ke7 15. Rf7+ Ke8 16. Qe6+ Be7 17. Rf8+ Rxf8 18. Qg6+ 1-0

[Event "Hamburg Harburg - ch 14th F"]
[Site "Hamburg"]
[Date "2019.07.26"]
[Round "1.1"]
[White "Reisch, Julian"]
[Black "Lohmann, Tristan"]
[Result "1/2-1/2"]
[WhiteElo "1330"]
[BlackElo "1097"]
[PlyCount "52"]
[EventDate "2019.07.26"]
[EventType "swiss"]
[EventRounds "5"]
[EventCountry "GER"]
[WhiteTeam "MTV Tostedt"]
[BlackTeam "Hamburger SK von 1830 eV"]

1. d4 d5 2. c4 e6 3. Nf3 Nf6 4. Nc3 Bd6 5. e3 O-O 6. Be2 Re8 7. O-O b6 8. b3
Bb7 9. Bb2 Nbd7 10. Qc2 c5 11. cxd5 Nxd5 12. Nxd5 Bxd5 13. Rac1 Rc8 14. Qd3 Bb7
15. Rfd1 Qe7 16. dxc5 Bxh2+ 17. Nxh2 Nxc5 18. Qd4 f6 19. Bf3 Bxf3 20. Nxf3 Red8
21. Qb4 Qf8 22. Rxd8 Rxd8 23. Ba3 Qe8 24. Qc4 Nd3 25. Qc2 Nxc1 26. Qxc1 Rc8
1/2-1/2

[Event "Hamburg Harburg - ch 14th F"]
[Site "Hamburg"]
[Date "2019.07.26"]
[Round "1.2"]
[White "Lohmann, Marten"]
[Black "Hock, Reiner"]
[Result "1-0"]
[WhiteElo "1154"]
[BlackElo "865"]
[PlyCount "79"]
[EventDate "2019.07.26"]
[EventType "swiss"]
[EventRounds "5"]
[EventCountry "GER"]
[WhiteTeam "Hamburger SK von 1830 eV"]
[BlackTeam "SK Altona v.1873/Finkenw"]

1. e4 e5 2. Nf3 Nc6 3. d4 exd4 4. Nxd4 Nxd4 5. Qxd4 c6 6. Nc3 Nf6 7. e5 Nd5 8.
Nxd5 cxd5 9. Qxd5 d6 10. exd6 Qb6 11. Qe5+ Be6 12. Bb5+ Kd8 13. d7 Qd6 14. Qxd6
Bxd6 15. O-O Ke7 16. Re1 Rhd8 17. Bd2 a6 18. Bc4 b5 19. Bxe6 fxe6 20. Bg5+ Kxd7
21. Bxd8 Rxd8 22. Rad1 e5 23. Rxe5 Kc6 24. b3 Bc7 25. Rxd8 Bxd8 26. Re6+ Kc5
27. Rxa6 Bf6 28. Re6 Kb4 29. Re3 Ka3 {(=)} 30. c4 Bd4 31. Rd3 Bc5 32. cxb5 Kxa2
33. b4 Bxb4 34. b6 Ba5 35. b7 Bc7 36. Rd5 Ka3 37. Ra5+ Kb4 38. Ra8 Kc5 39. b8=Q
Bxb8 40. Rxb8 1-0

[Event "Hamburg Harburg - ch 14th F"]
[Site "Hamburg"]
[Date "2019.07.26"]
[Round "1.3"]
[White "Schroeder, Jan Hendrik"]
[Black "Flader, Willi"]
[Result "0-1"]
[WhiteElo "1033"]
[BlackElo "1292"]
[PlyCount "130"]
[EventDate "2019.07.26"]
[EventType "swiss"]
[EventRounds "5"]
[EventCountry "GER"]
[WhiteTeam "SC Turm Lüneburg e.V."]
[BlackTeam "SC Schwarz-Weiß Harburg"]

1. e4 c5 2. Nf3 Nc6 3. Nc3 e5 4. Bc4 h6 5. d3 Nf6 6. Be3 d6 7. Qe2 a6 8. a3 Bd7
9. O-O-O Qc8 10. Kb1 Be7 11. Nd5 Bd8 12. Nxf6+ Bxf6 13. Nd2 Rb8 14. Nb3 b5 15.
Bd5 Ne7 16. f4 Nxd5 17. exd5 Bg4 18. Qd2 Bxd1 19. Rxd1 Qf5 20. Qe2 Bd8 21. g4
Qf6 22. Rg1 Qe7 23. Qe1 b4 24. axb4 Rxb4 25. c3 Rxb3 26. Bf2 O-O 27. g5 h5 28.
Bh4 Qb7 29. Qf2 Qxd5 30. Kc2 Qb7 31. Kb1 Rxc3 32. g6 f6 33. Qd2 Qb3 34. Qxc3
Qxc3 35. bxc3 Ba5 36. fxe5 dxe5 37. c4 Bc3 38. Bf2 Bb4 39. Kb2 Rd8 40. Kc2 a5
41. Ra1 Ra8 42. Kb3 Kf8 43. Ka4 Rb8 44. Be1 Ke7 45. Bxb4 axb4 46. Kb3 Rb7 47.
Ra8 Ke6 48. Rh8 Kf5 49. Rxh5+ Kxg6 50. Rh3 Kf5 51. Rg3 Kf4 52. Ka4 g5 53. Rh3
g4 54. Rh6 f5 55. Rc6 b3 56. Rxc5 b2 57. Rb5 Rxb5 58. cxb5 b1=Q 59. Ka5 Ke3 60.
b6 Kxd3 61. Ka6 Qa2+ 62. Kb7 Qf7+ 63. Ka6 e4 64. b7 Qxb7+ 65. Kxb7 e3 0-1

[Event "Hamburg Harburg - ch 14th F"]
[Site "Hamburg"]
[Date "2019.07.27"]
[Round "2.3"]
[White "Krueger, Dietrich"]
[Black "Reisch, Julian"]
[Result "0-1"]
[WhiteElo "967"]
[BlackElo "1330"]
[PlyCount "75"]
[EventDate "2019.07.26"]
[EventType "swiss"]
[EventRounds "5"]
[EventCountry "GER"]
[WhiteTeam "Barmbeker SK 1926 eV"]
[BlackTeam "MTV Tostedt"]

1. d4 Nf6 2. Bf4 g6 3. c4 Bg7 4. Nc3 O-O 5. Qc2 d6 6. e3 c6 7. O-O-O Nbd7 8. h4
b6 9. Nf3 Bb7 10. Bd3 c5 11. e4 Ng4 12. h5 cxd4 13. Ne2 Nxf2 14. hxg6 fxg6 15.
Ng5 Nc5 16. Rxh7 e5 17. Bg3 Qxg5+ 18. Nf4 exf4 19. Rxg7+ Kxg7 20. Bxf2 Nxd3+
21. Rxd3 Bxe4 22. Bxd4+ Kg8 23. Qb3 d5 24. Rd2 Rac8 25. Kd1 Qg4+ 26. Ke1 Qg3+
27. Rf2 Qxb3 28. axb3 dxc4 29. bxc4 Rxc4 30. Be5 Re8 31. Bxf4 Bxg2+ 32. Kd1
Rd8+ 33. Bd2 Be4 34. Rf6 Rcd4 35. Rf2 Bf5 36. Rh2 Rxd2+ 37. Rxd2 Rxd2+ 38. Kxd2
0-1

[Event "Hamburg Harburg - ch 14th F"]
[Site "Hamburg"]
[Date "2019.07.27"]
[Round "2.2"]
[White "Lohmann, Tristan"]
[Black "Baeuerlein, Benedikt"]
[Result "1-0"]
[WhiteElo "1097"]
[BlackElo "1154"]
[PlyCount "100"]
[EventDate "2019.07.26"]
[EventType "swiss"]
[EventRounds "5"]
[EventCountry "GER"]
[WhiteTeam "Hamburger SK von 1830 eV"]
[BlackTeam "Blau-Weiss Buchholz"]

1. e4 e5 2. Nf3 Nc6 3. Bc4 Bc5 4. d3 Nf6 5. Be3 Qe7 6. Nc3 Nd4 7. Bg5 c6 8. Na4
b5 9. Nxc5 Qxc5 10. Bb3 a5 11. c3 Ne6 12. Be3 Qd6 13. O-O O-O 14. Re1 Ba6 15.
a3 c5 16. Bc2 Qc6 17. Nxe5 Qc7 18. Nf3 Ng4 19. h3 Nf6 20. Qd2 Rfe8 21. Rac1
Rad8 22. Ng5 d5 23. exd5 Nxd5 24. Nxe6 Rxe6 25. Bg5 Rdd6 26. Rxe6 Rxe6 27. Re1
Qd6 28. Be3 Bc8 29. Bb3 Rg6 30. Bxc5 Qd7 31. Bxd5 h6 32. Be4 Rg5 33. Be3 Rh5
34. Kf1 Rxh3 35. gxh3 Qxh3+ 36. Ke2 Bg4+ 37. f3 Be6 38. Kd1 Ba2 39. d4 Bb3+ 40.
Kc1 Qe6 41. d5 Qc8 42. d6 g6 43. d7 Qd8 44. Bb6 Qxb6 45. d8=Q+ Qxd8 46. Qxd8+
Kg7 47. Bc6 b4 48. Re7 bxa3 49. bxa3 a4 50. Bxa4 Bc4 {unklar} 1-0